God's maiden : (Record no. 31480)

MARC details
000 -LEADER
fixed length control field 00828nam a22002537a 4500
008 - FIXED-LENGTH DATA ELEMENTS--GENERAL INFORMATION
fixed length control field 241125b |||||||| |||| 00| 0 eng d
017 ## - LEGAL DEPOSIT NUMBER
Legal deposit number LD.4410
018 ## - LEGAL DEPOSIT YEAR
LDD Year 2024
020 ## - INTERNATIONAL STANDARD BOOK NUMBER
ISBN 9789788546276
040 ## - CATALOGING SOURCE
Original cataloging agency NLN
Language of cataloging English
Description conventions AACR2
100 ## - MAIN ENTRY--AUTHOR
Author AKPAM, Monica Member
Relator term aut
245 ## - TITLE STATEMENT
Title God's maiden :
Remainder of title My life story /
Statement of responsibility, etc Monica Member Akpam
260 ## - PUBLICATION, DISTRIBUTION, ETC. (IMPRINT)
Place of publication Benue State (P.O.Box 161, High Level Plot 6875 David Mark by-Pass) :
Name of publisher Aboki Publishers,
Date of publication 2023
300 ## - COLLATION
Pagination xiv, 53p. ;
Other physical details 21cm.
563 ## - BINDING INFORMATION
Binding note (pbk.)
650 ## - TRACINGS
Main Subject Apkam, Monica Member, 1983-
650 ## - TRACINGS
Main Subject Nurses
Subdivision (1st) Nigeria
Subdivision (2nd) Autobiography
650 ## - TRACINGS
Main Subject Sisterhoods
Subdivision (1st) Nigeria
650 ## - TRACINGS
Main Subject Sisterhood of Congregation of sisters
942 ## - ADDED ENTRY ELEMENTS (KOHA)
Item type Books
Suppress in OPAC No
050 ## - LIBRARY OF CONGRESS CALL NUMBER
Classification number DT515.83
Item number .A315 A3 2023
082 ## - DEWEY DECIMAL CLASSIFICATION NUMBER
Classification number 925
Holdings
Source of classification or shelving scheme Not for loan Home library Current library Date acquired Mode of acquisition Accession No. Full call number Barcode. Copy number Koha item type
Library of Congress Classification   AKURE BRANCH LIBRARY National Library of Nigeria 25/11/2024 Legal deposit 447514 DT515.83.A315 A3 2023 447514 1 Books
Library of Congress Classification   BENIN BRANCH National Library of Nigeria 25/11/2024 Legal deposit 447513 DT515.83.A315 A3 2023 447513 1 Books
Library of Congress Classification   IBADAN BRANCH LIBRARY National Library of Nigeria 25/11/2024 Legal deposit 447512 DT515.83.A315 A3 2023 447512 1 Books

National Library of Nigeria OPAC is powered by Koha